| 000 | 00490nam a2200169 a 4500 | ||
|---|---|---|---|
| 005 | 20140412111410.0 | ||
| 008 | 070221s19uu xx 00 eng d | ||
| 020 | _a87-7247-277-4 | ||
| 050 |
_aM 220 _bCh43 2001 |
||
| 100 | _aMontero, Jose perez | ||
| 245 |
_aThe children's bible / _cJose Perez Montero. |
||
| 260 |
_aDenmark : _bScandinavia publishing house, _c2001. |
||
| 300 | _a399 | ||
| 650 | _aBible stories | ||
| 650 | _aBible-Bible-History of biblical events | ||
| 999 |
_c105657 _d105657 |
||